|
|
|
|
| LEADER |
00651nam a22001697a 4500 |
| 020 |
|
|
|a 9780195687767
|
| 082 |
|
|
|a 345.023
|b NOO/I
|
| 100 |
|
|
|a Noorani, A.G.
|
| 245 |
|
|
|a Indian Political Trials,1775-1947
|
| 260 |
|
|
|a New Delhi
|b Oxford
|c 2013
|
| 300 |
|
|
|a 316p.
|
| 650 |
|
|
|a India
|
| 650 |
|
|
|a Trials(Political crimes and offenses)
|
| 942 |
|
|
|c BK
|
| 999 |
|
|
|c 36112
|d 36112
|
| 952 |
|
|
|0 0
|1 0
|4 0
|6 345_023000000000000_NOOI
|7 0
|8 Stack
|9 38202
|a KUCL
|b KUCL
|c Stack
|d 2015-11-23
|l 0
|o 345.023 NOO/I
|p 35267
|r 2015-11-23
|w 2015-11-23
|y BK
|
| 952 |
|
|
|0 0
|1 0
|4 0
|6 345_023000000000000_NOOI
|7 0
|8 Stack
|9 45134
|a KUCL
|b KUCL
|c Stack
|d 2016-09-06
|g 345.00
|l 0
|o 345.023 NOO/I
|p 43039
|r 2016-09-06
|y BK
|